000 01243nam a22003497a 4500
003 CHAP
005 20220329142759.0
008 030911d2003 mx r 00110 spa d
010 _a87687
011 _a88659
035 _a99204
040 _cCHAP
090 _aFolleto 16656
100 0 0 _aDoss, Cheryl R.
_934043
245 1 0 _aUnderstanding farm-level technology adoption :
_blessons learned from CIMMYT's micro surveys in eastern Africa
_c/por Cheryl R. Doss
260 _aMéxico, D.F. :
_bCentro Internacional de Mejoramiento de Maíz y Trigo,
_c2003.
300 _a20 p.
490 0 _aEconomics. Working paper
_v; 03-07
590 _aBATCH-UPD
_b10
_c20130110
_lUCH01
_h0222
590 _aBATCH-UPD
_b10
_c20130110
_lUCH01
_h2242
590 _aBATCH-UPD
_b10
_c20130409
_lUCH01
_h2243
590 _aBATCH-UPD
_b10
_c20130914
_lUCH01
_h1220
590 _aCONVERSION
_b10
_c20130109
_lUCH01
_h1349
650 1 4 _aAgricultura
_xInnovaciones tecnologicas
_zAfrica.
_91563
650 1 4 _aMaíz
_zAfrica.
_971089
650 1 4 _aTrigo
_zAfrica.
_9115126
830 0 _aEconomics. Working paper
_v; 03-07
_935222
901 _aBK
905 _aAlejandra Carrasco M.
942 _cFOLL
949 _aFolleto 16656
_bBC
_cFOLL
_d33724002001991
_eTS1
_i99204
_sb
999 _c87687
_d87687